Applied numerical analysis (Record no. 24066)

MARC details
000 -LEADER
fixed length control field 00545nam a22002057a 4500
003 - CONTROL NUMBER IDENTIFIER
control field OSt
005 - DATE AND TIME OF LATEST TRANSACTION
control field 20251215160204.0
008 - FIXED-LENGTH DATA ELEMENTS--GENERAL INFORMATION
fixed length control field 210224b ||||| |||| 00| 0 eng d
020 ## - INTERNATIONAL STANDARD BOOK NUMBER
International Standard Book Number 9788131717400
082 ## - DEWEY DECIMAL CLASSIFICATION NUMBER
Classification number 518
Item number G31A
100 ## - MAIN ENTRY--PERSONAL NAME
Personal name Gerald, Curtis F.
245 ## - TITLE STATEMENT
Title Applied numerical analysis
Statement of responsibility, etc by Curtis F. Gerald and Patrick O. Wheatley
250 ## - EDITION STATEMENT
Edition statement 7th ed.
260 ## - PUBLICATION, DISTRIBUTION, ETC. (IMPRINT)
Place of publication, distribution, etc Noida, U.P.
Name of publisher, distributor, etc Pearson
Date of publication, distribution, etc 2008
300 ## - PHYSICAL DESCRIPTION
Extent x, 609p.
546 ## - LANGUAGE NOTE
Language note English
650 ## - SUBJECT ADDED ENTRY--TOPICAL TERM
Topical term or geographic name as entry element Numerical analysis
700 ## - ADDED ENTRY--PERSONAL NAME
Personal name Wheatley, Patrick O.
942 ## - ADDED ENTRY ELEMENTS (KOHA)
Source of classification or shelving scheme Dewey Decimal Classification
Koha item type Books
Holdings
Withdrawn status Lost status Source of classification or shelving scheme Damaged status Not for loan Collection code Home library Current library Department Date acquired Source of acquisition Cost, normal purchase price Inventory number(Invoice/Date) Total Checkouts Full call number Barcode Date last seen Date checked out Price effective from Koha item type
    Dewey Decimal Classification     General Text Book Central University Of Rajasthan Central University Of Rajasthan Mathematics 24/02/2021 Indica Publisher 829.00 2020-21/0944/01-02-2021 1 518 G31A 35583 20/12/2022 16/12/2022 24/02/2021 Books
    Dewey Decimal Classification     General Text Book Central University Of Rajasthan Central University Of Rajasthan Mathematics 24/02/2021 Indica Publisher 829.00 2020-21/0944/01-02-2021   518 G31A 35584 24/02/2021   24/02/2021 Books
    Dewey Decimal Classification     General Text Book Central University Of Rajasthan Central University Of Rajasthan Mathematics 24/02/2021 Indica Publisher 829.00 2020-21/0944/01-02-2021   518 G31A 35585 24/02/2021   24/02/2021 Books
    Dewey Decimal Classification     General Text Book Central University Of Rajasthan Central University Of Rajasthan Mathematics 24/02/2021 Indica Publisher 829.00 2020-21/0944/01-02-2021   518 G31A 35586 24/02/2021   24/02/2021 Books
    Dewey Decimal Classification     General Text Book Central University Of Rajasthan Central University Of Rajasthan Mathematics 24/02/2021 Indica Publisher 829.00 2020-21/0944/01-02-2021   518 G31A 35587 24/02/2021   24/02/2021 Books
    Dewey Decimal Classification     General Text Book Central University Of Rajasthan Central University Of Rajasthan Mathematics 24/02/2021 Indica Publisher 829.00 2020-21/0944/01-02-2021 2 518 G31A 35588 05/12/2025 27/11/2025 24/02/2021 Books
    Dewey Decimal Classification     General Text Book Central University Of Rajasthan Central University Of Rajasthan Mathematics 24/02/2021 Indica Publisher 829.00 2020-21/0944/01-02-2021   518 G31A 35589 24/02/2021   24/02/2021 Books
    Dewey Decimal Classification     General Text Book Central University Of Rajasthan Central University Of Rajasthan Mathematics 24/02/2021 Indica Publisher 829.00 2020-21/0944/01-02-2021   518 G31A 35590 24/02/2021   24/02/2021 Books
    Dewey Decimal Classification     General Text Book Central University Of Rajasthan Central University Of Rajasthan Mathematics 24/02/2021 Indica Publisher 829.00 2020-21/0944/01-02-2021   518 G31A 35591 24/02/2021   24/02/2021 Books
    Dewey Decimal Classification     General Text Book Central University Of Rajasthan Central University Of Rajasthan Mathematics 24/02/2021 Indica Publisher 829.00 2020-21/0944/01-02-2021   518 G31A 35592 24/02/2021   24/02/2021 Books